| 000 | 00881nam a2200241 a 4500 | ||
|---|---|---|---|
| 001 | 70878 | ||
| 003 | BD-RjUL | ||
| 005 | 20211209082041.0 | ||
| 008 | 170422s1985 bg |||| |||| 001 0 ben d | ||
| 020 | _c: Tk. 25.00 | ||
| 035 | _a(BD-RjUL)71092 | ||
| 040 |
_aBD-RjUL _bben _cBD-RjUL _dBD-RjUL |
||
| 041 | _aben | ||
| 082 |
_223 _a306.44 _bMUB 1985 |
||
| 100 | 1 |
_aমুসা, মনসুর _9209770 |
|
| 245 | 1 | 0 |
_aভাষা-পরিকল্পনায় সমাজভাষাতত্ত্ব / _cমনসুর মুসা |
| 260 |
_aঢাকা : _bবাংলা একাডেমী, _c১৯৮৫ [১৩৯১] |
||
| 300 |
_a৯৫ পৃ. ; _c২৬ সেমি. |
||
| 500 | _aনির্ঘন্ট সংযুক্ত | ||
| 650 |
_aসমাজভাষাতত্ত্ব _9209771 |
||
| 650 |
_aSociolin-guistics _9209772 |
||
| 942 |
_2ddc _cBK |
||
| 999 |
_c70878 _d70878 |
||